Оборудование и технологии добычи нефти в осложненных условиях (Запись № 1382062)

Подробности
000 -МАРКЕР
контрольное поле 03807nam0a2200529 4500
001 - ИДЕНТИФИКАТОР ЗАПИСИ
контрольное поле RU\NLR\bibl\1737162
005 - ИДЕНТИФИКАТОР ВЕРСИИ
контрольное поле 20260405224548.0
010 ## - МЕЖДУНАРОДНЫЙ СТАНДАРТНЫЙ НОМЕР КНИГИ (ISBN)
Номер (ISBN) 978-5-8365-0360-4
Тираж 500
021 ## - НОМЕР ГОСУДАРСТВЕННОЙ РЕГИСТРАЦИИ
Код страны российская федерация
Номер 2011-3172
Номер Листа государственной регистраци 215
035 ## - ДРУГИЕ СИСТЕМНЫЕ НОМЕРА
Идентификатор записи (nilc)RSL-KNO-004882919
035 ## - ДРУГИЕ СИСТЕМНЫЕ НОМЕРА
Идентификатор записи (NLR Aleph) 001728089
100 ## - ДАННЫЕ ОБЩЕЙ ОБРАБОТКИ
Данные общей обработки 20110201d2010 |||y0rusy50 ca
101 0# - ЯЗЫК РЕСУРСА
Язык текста, звукозаписи и т.д. русский
102 ## - СТРАНА ПУБЛИКАЦИИ ИЛИ ПРОИЗВОДСТВА
Страна публикации российская федерация
105 ## - ПОЛЕ КОДИРОВАННЫХ ДАННЫХ: ТЕКСТОВЫЕ МАТЕРИАЛЫ, МОНОГРАФИЧЕСКИЕ
Кодированные данные о монографическом текстовом документе a |||||||||
200 1# - ЗАГЛАВИЕ И СВЕДЕНИЯ ОБ ОТВЕТСТВЕННОСТИ
Основное заглавие Оборудование и технологии добычи нефти в осложненных условиях
Параллельное заглавие Equipment and technologies of oil production for complicated conditions
Сведения, относящиеся к заглавию учебное пособие для студентов вузов, обучающихся по направлению подготовки магистров 130500 "Нефтегазовое дело"
Первые сведения об ответственности М. А. Мохов, В. А. Сахаров, Х. Х. Хабибуллин
Последующие сведения об ответственности под ред. И. Т. Мищенко
Язык параллельного заглавия английский
210 ## - ПУБЛИКАЦИЯ, РАСПРОСТРАНЕНИЕ И ДР.
Место издания, распространения и т.д. Москва
Имя издателя, распространителя и т. д. Недра
-- Национальный исследовательский университет РГУ нефти и газа
Дата издания, распространения и т.д. 2010
215 ## - ФИЗИЧЕСКАЯ ХАРАКТЕРИСТИКА
Специфическое обозначение материала и объем 195, [1] с.
Другие сведения о физической характеристике ил., табл.
Размеры 22
225 1# - СЕРИЯ
Основное заглавие серии Учебное пособие
300 ## - ОБЩИЕ ПРИМЕЧАНИЯ
Текст примечания Загл. обл.: Технологии и оборудование добычи нефти в осложненных условиях
300 ## - ОБЩИЕ ПРИМЕЧАНИЯ
Текст примечания Авт. также на англ. яз.: M.A. Mokhov, V.A. Sakharov, H.H. Khabibullin
300 ## - ОБЩИЕ ПРИМЕЧАНИЯ
Текст примечания На авантит.: к 80-летию РГУ нефти и газа им. И. М. Губкина
300 ## - ОБЩИЕ ПРИМЕЧАНИЯ
Текст примечания Библиогр.: с. 189-196 (136 назв.)
510 0# - ПАРАЛЛЕЛЬНОЕ ЗАГЛАВИЕ
Связь между полями z22790
Параллельное заглавие Equipment and technologies of oil production for complicated conditions
Язык заглавия английский
512 1# - ЗАГЛАВИЕ ОБЛОЖКИ
Связь между полями z11790
Заглавие обложки Технологии и оборудование добычи нефти в осложненных условиях
606 1# - НАИМЕНОВАНИЕ ТЕМЫ КАК ПРЕДМЕТ
Наименование темы Нефтяные скважины
Формальный подзаголовок Учебные издания для высших учебных заведений
Тематический подзаголовок Песчаные пробки
-- Борьба с ними
Системный номер авторитетной/нормативной записи 1039745
Идентификатор авторитетной/нормативной записи RU\NLR\auth\66400195
606 1# - НАИМЕНОВАНИЕ ТЕМЫ КАК ПРЕДМЕТ
Наименование темы Нефть
Формальный подзаголовок Учебные издания для высших учебных заведений
Тематический подзаголовок Добыча глубокими насосами
Системный номер авторитетной/нормативной записи 1371457
Идентификатор авторитетной/нормативной записи RU\NLR\auth\66260808
606 1# - НАИМЕНОВАНИЕ ТЕМЫ КАК ПРЕДМЕТ
Наименование темы Нефтяные пласты
Формальный подзаголовок Учебные издания для высших учебных заведений
Тематический подзаголовок Нефтеотдача
-- Повышение
Системный номер авторитетной/нормативной записи 1721626
Идентификатор авторитетной/нормативной записи RU\NLR\auth\66768303
606 1# - НАИМЕНОВАНИЕ ТЕМЫ КАК ПРЕДМЕТ
Наименование темы Нефть
Формальный подзаголовок Учебные издания для высших учебных заведений
Тематический подзаголовок Добыча
-- Вибровоздействия метод
Системный номер авторитетной/нормативной записи 1721615
Идентификатор авторитетной/нормативной записи RU\NLR\auth\66768296
610 0# - НЕКОНТРОЛИРУЕМЫЕ ПРЕДМЕТНЫЕ ТЕРМИНЫ
Предметный термин трудноизвлекаемые запасы нефти
610 0# - НЕКОНТРОЛИРУЕМЫЕ ПРЕДМЕТНЫЕ ТЕРМИНЫ
Предметный термин механические примеси в нефти
686 ## - ИНДЕКСЫ ДРУГИХ КЛАССИФИКАЦИЙ
Индекс И361.6я73-1
Код системы
686 ## - ИНДЕКСЫ ДРУГИХ КЛАССИФИКАЦИЙ
Индекс И361.7я73-1
Код системы
686 ## - ИНДЕКСЫ ДРУГИХ КЛАССИФИКАЦИЙ
Индекс И361.7я73-1
700 #1 - ИМЯ ЛИЦА - ПЕРВИЧНАЯ ОТВЕТСТВЕННОСТЬ
Код отношения Автор
Материалы, к которым относится поле rus
Графика поля Кириллица
Начальный элемент ввода Мохов
Часть имени, кроме начального элемента ввода М. А.
Расширение инициалов личного имени Михаил Альбертович
Идентификатор авторитетной/нормативной записи RU\NLR\auth\77102635
Системный номер авторитетной/нормативной записи 85561
701 #1 - ИМЯ ЛИЦА - АЛЬТЕРНАТИВНАЯ ОТВЕТСТВЕННОСТЬ
Код отношения Автор
Материалы, к которым относится поле rus
Графика поля Кириллица
Начальный элемент ввода Сахаров
Часть имени, кроме начального элемента ввода В. А.
Расширение инициалов личного имени Виктор Александрович
Идентификатор авторитетной/нормативной записи RU\NLR\auth\77102638
Системный номер авторитетной/нормативной записи 85564
701 #1 - ИМЯ ЛИЦА - АЛЬТЕРНАТИВНАЯ ОТВЕТСТВЕННОСТЬ
Код отношения Автор
Материалы, к которым относится поле rus
Графика поля Кириллица
Начальный элемент ввода Хабибуллин
Часть имени, кроме начального элемента ввода Х. Х.
Даты 1953-
Расширение инициалов личного имени Хасан Хуриятович
Идентификатор авторитетной/нормативной записи RU\NLR\auth\77102642
Системный номер авторитетной/нормативной записи 85568
790 #1 - ИМЯ ЛИЦА - АЛЬТЕРНАТИВНАЯ ФОРМА
Код отношения Автор
Материалы, к которым относится поле rus
Графика поля Кириллица
Начальный элемент ввода Мохов
Часть имени, кроме начального элемента ввода М. А.
Расширение инициалов личного имени Михаил Альбертович
Идентификатор авторитетной/нормативной записи RU\NLR\auth\77102635
Системный номер авторитетной/нормативной записи 85561
790 #1 - ИМЯ ЛИЦА - АЛЬТЕРНАТИВНАЯ ФОРМА
Код отношения Автор
Материалы, к которым относится поле rus
Графика поля Латинская
Начальный элемент ввода Mochov
Часть имени, кроме начального элемента ввода M. A.
Расширение инициалов личного имени Michail Al'bertovič
Идентификатор авторитетной/нормативной записи RU\NLR\auth\77102636
Системный номер авторитетной/нормативной записи 85562
801 #0 - ИСТОЧНИК ЗАПИСИ
Страна российская федерация
Организация RuMoRKP
Дата составления 20110201
801 #1 - ИСТОЧНИК ЗАПИСИ
Страна российская федерация
Организация RuMoRGB
Дата составления 20110201
801 #2 - ИСТОЧНИК ЗАПИСИ
Страна российская федерация
Организация NLR
Дата составления 20110217
Правила каталогизации rcr
830 ## - ОБЩЕЕ ПРИМЕЧАНИЕ, СОСТАВЛЕННОЕ КАТАЛОГИЗАТОРОМ
Текст примечания авт. по кн.
942 ## - ДОПОЛНИТЕЛЬНЫЕ ЭЛЕМЕНТЫ ЗАПИСИ (АБИС)
Тип экземпляра АБИС Книга
980 ## - КОЛЛЕКЦИЯ
Название коллекции Национальная библиография
Экземпляры
Тип экземпляра Дата поступления Источник поступления Библиотека постоянного хранения Библиотека текущего хранения Место хранения Шифр хранения Штрих-код Статус не для выдачи
Книга 17.02.2011 Обязательный экземпляр РНБ (Московский) РНБ (Московский) Русский книжный фонд: издания с 1957 года, 8этаж 2011-5/1323 3358941  
Книга 17.02.2011 Обязательный экземпляр РНБ (Московский) РНБ (Московский) Русский книжный фонд: издания с 1957 года, 8этаж 2011-5/1323 3358942